Countries with Territory in Both Eastern and Western Hemisphere - Statistics

General Stats
  • This quiz has been taken 149 times
  • The average score is 8 of 14
Answer Stats
Answer % Correct
France
97%
United Kingdom
94%
Spain
88%
United States
83%
Russia
76%
Algeria
65%
Mali
63%
Burkina Faso
51%
Ghana
50%
Kiribati
43%
Togo
42%
New Zealand
31%
Fiji
18%
Tuvalu
17%
No matching quizzes found
Score Distribution
Percent of People with Each Score
Percentile by Number Answered
Your Score History
You have not taken this quiz